Introducción a la lingüística (Record no. 9732)
[ view plain ]
| 000 -LEADER | |
|---|---|
| campo de control de longitud fija | 01007nam a2200337 a 4500 |
| 003 - IDENTIFICADOR DE NÚMERO DE CONTROL | |
| campo de control | AR-BaBNM |
| 005 - FECHA Y HORA DE LA ÚLTIMA TRANSACCIÓN | |
| campo de control | 20251128205032.0 |
| 008 - DATOS DE LONGITUD FIJA--INFORMACIÓN GENERAL | |
| campo de control de longitud fija | 082120s2002 ||||||||||||||000 | spa|| |
| 020 ## - NÚMERO INTERNACIONAL ESTÁNDAR DEL LIBRO | |
| Número Internacional Estándar del Libro | 968-863-091-8 |
| 040 ## - FUENTE DE CATALOGACIÓN | |
| Centro/agencia transcriptor | AR-BaBNM |
| 100 1# - ENTRADA PRINCIPAL--NOMBRE DE PERSONA | |
| Nombre de persona | Gimate-Welsh, Adrián S. |
| 245 00 - MENCIÓN DEL TÍTULO | |
| Título | Introducción a la lingüística |
| Resto del título | modelos y reflexiones actuales |
| 250 ## - MENCION DE EDICION | |
| Mención de edición | 2ª ed. |
| 260 ## - PUBLICACIÓN, DISTRIBUCIÓN, ETC. | |
| Lugar de publicación, distribución, etc. | México, D.F. |
| Nombre del editor, distribuidor, etc. | Fondo de Cultura Económica |
| -- | Universidad Autónoma de Puebla |
| Fecha de publicación, distribución, etc. | 1994 |
| 300 ## - DESCRIPCIÓN FÍSICA | |
| Extensión | 251 p. |
| 490 #0 - MENCIÓN DE SERIE | |
| Mención de serie | Sección de obras de Lengua y Estudios Literarios |
| 500 ## - NOTA GENERAL | |
| Nota general | Contiene prefacio a la segunda edición |
| 504 ## - NOTA DE BIBLIOGRAFÍA, ETC. | |
| Nota de bibliografía, etc. Nota | Bibliografía p. 243-250 |
| 650 #4 - PUNTO DE ACCESO ADICIONAL DE MATERIA--TÉRMINO DE MATERIA | |
| Término de materia o nombre geográfico como elemento de entrada | MODELOS LINGÜISTICOS |
| 650 #4 - PUNTO DE ACCESO ADICIONAL DE MATERIA--TÉRMINO DE MATERIA | |
| Término de materia o nombre geográfico como elemento de entrada | TEORIA LINGÜISTICA |
| 650 #4 - PUNTO DE ACCESO ADICIONAL DE MATERIA--TÉRMINO DE MATERIA | |
| Término de materia o nombre geográfico como elemento de entrada | TIPOLOGIA DEL LENGUAJE |
| 650 #4 - PUNTO DE ACCESO ADICIONAL DE MATERIA--TÉRMINO DE MATERIA | |
| Término de materia o nombre geográfico como elemento de entrada | LINGÜISTICA COMPARADA |
| 650 #4 - PUNTO DE ACCESO ADICIONAL DE MATERIA--TÉRMINO DE MATERIA | |
| Término de materia o nombre geográfico como elemento de entrada | ESTRUCTURALISMO |
| 650 #4 - PUNTO DE ACCESO ADICIONAL DE MATERIA--TÉRMINO DE MATERIA | |
| Término de materia o nombre geográfico como elemento de entrada | ANALISIS LINGÜISTICO |
| 650 #4 - PUNTO DE ACCESO ADICIONAL DE MATERIA--TÉRMINO DE MATERIA | |
| Término de materia o nombre geográfico como elemento de entrada | GRAMATICA |
| 650 #4 - PUNTO DE ACCESO ADICIONAL DE MATERIA--TÉRMINO DE MATERIA | |
| Término de materia o nombre geográfico como elemento de entrada | FONOLOGIA |
| 650 #4 - PUNTO DE ACCESO ADICIONAL DE MATERIA--TÉRMINO DE MATERIA | |
| Término de materia o nombre geográfico como elemento de entrada | SEMANTICA |
| 650 #4 - PUNTO DE ACCESO ADICIONAL DE MATERIA--TÉRMINO DE MATERIA | |
| Término de materia o nombre geográfico como elemento de entrada | SINTAXIS |
| 942 ## - ELEMENTOS DE ENTRADA SECUNDARIOS (KOHA) | |
| Tipo de ítem Koha | Libros |
| 998 ## - INFORMACIÓN DE CONTROL LOCAL (RLIN) | |
| Iniciales del catalogador, CIN (RLIN) | isola |
| Estatus retirado | Estado de pérdida | Fuente de la clasificación o esquema de estantería | Estado de daño | No para préstamo | Biblioteca de origen | Biblioteca actual | Fecha de adquisición | Total de préstamos | Signatura topográfica completa | Código de barras | Visto por última vez | Precio de reemplazo | Tipo de ítem Koha |
|---|---|---|---|---|---|---|---|---|---|---|---|---|---|
| Clasificación Decimal Dewey | Liberty | Liberty | 28/11/2025 | 801 GIM | 101707 | 28/11/2025 | 28/11/2025 | Libros | |||||
| Clasificación Decimal Dewey | Liberty | Liberty | 28/11/2025 | 801 GIM | 101708 | 28/11/2025 | 28/11/2025 | Libros | |||||
| Clasificación Decimal Dewey | Liberty | Liberty | 28/11/2025 | 801 GIM | 101706 | 28/11/2025 | 28/11/2025 | Libros |